00342 a2200145 450000100060000002000150000604000240002110000180004524000430006324500380010630000070014436200090015144000120016065000240017268809 a8586006386 cAnchieta - Itaigara aGumz, Adriana10aA girafa que fugiu do zoológicolpor10aA girafa que fugiu do zoológico a160 a1999 1aÁtica 4aLiteratura infantil